L'Energie en France : étude de géographie (Record no. 35387)
[ view plain ]
| 000 -LEADER | |
|---|---|
| fixed length control field | 00639 a2200253 4500 |
| 037 ## - SOURCE OF ACQUISITION | |
| Stock number | 15038 |
| 037 ## - SOURCE OF ACQUISITION | |
| Stock number | 6945 |
| 044 ## - COUNTRY OF PUBLISHING/PRODUCING ENTITY CODE | |
| ISO country code | France |
| 100 ## - VEDETTE PRINCIPALE - NOM DE PERSONNE | |
| Personal name | Gamblin, André |
| 100 ## - VEDETTE PRINCIPALE - NOM DE PERSONNE | |
| Language of a work | Fr |
| 260 ## - PUBLICATION, DISTRIBUTION, ETC. (IMPRINT) | |
| Place of publication, distribution, etc | Paris |
| 260 ## - PUBLICATION, DISTRIBUTION, ETC. (IMPRINT) | |
| Name of publisher, distributor, etc | SEDES |
| 245 ## - TITLE STATEMENT | |
| Title | L'Energie en France : étude de géographie |
| 260 ## - PUBLICATION, DISTRIBUTION, ETC. (IMPRINT) | |
| Date of publication, distribution, etc | 1968 |
| 250 ## - EDITION STATEMENT | |
| Edition statement | 3e éd. rev et mise à jour |
| 300 ## - PHYSICAL DESCRIPTION | |
| Extent | 171 p. |
| 300 ## - PHYSICAL DESCRIPTION | |
| Other physical details | 24 cm |
| 630 ## - SUBJECT ADDED ENTRY--UNIFORM TITLE | |
| Uniform title | 91 - Geographie. Exploration de la terre, des diverses regions, des divers pays. Voyages. Geographie regionale |
| 650 ## - SUBJECT ADDED ENTRY--TOPICAL TERM | |
| Topical term or geographic name as entry element | 9 - GEOGRAPHIE ET HISTOIRE |
| 650 ## - SUBJECT ADDED ENTRY--TOPICAL TERM | |
| Topical term or geographic name as entry element | Energie |
| 650 ## - SUBJECT ADDED ENTRY--TOPICAL TERM | |
| Topical term or geographic name as entry element | France |
| Withdrawn status | Lost status | Damaged status | Not for loan | Location (home branch) | Sublocation or collection (holding branch) | Date acquired | Koha issues (times borrowed) | Koha full call number | Koha date last seen | Price effective from | Koha item type |
|---|---|---|---|---|---|---|---|---|---|---|---|
| Bibliothèque Universitaire Centrale | Bibliothèque Universitaire Centrale | 28/02/2009 | 914.4 GAM | 28/02/2009 | 28/02/2009 | Livre |